书目信息 |
| 题名: |
实用语文
|
|
| 作者: | 张立山 , 晁储军 , 李鸿 主编 | |
| 分册: | ||
| 出版信息: | 济南 山东人民出版社 2009.08 |
|
| 页数: | 371页 | |
| 开本: | 26cm | |
| 丛书名: | ||
| 单 册: | ||
| 中图分类: | H1 | |
| 科图分类: | ||
| 主题词: | 汉语--han yu--高等学校 : 技术学校--教材 | |
| 电子资源: | ||
| ISBN: | 978-7-209-04969-6 | |
| 000 | 00925nam0 2200265 450 | |
| 001 | 012010437421 | |
| 005 | 20100419083519.79 | |
| 010 | @a978-7-209-04969-6@dCNY36.00 | |
| 100 | @a20100415d2009 em y0chiy0120 ea | |
| 101 | 0 | @achi |
| 102 | @aCN@b370000 | |
| 105 | @aa z 000yy | |
| 106 | @ar | |
| 200 | 1 | @a实用语文@Ashi yong yu wen |
| 210 | @a济南@c山东人民出版社@d2009.08 | |
| 215 | @a371页@c图@d26cm | |
| 314 | @a封面题 : 张立山, 晁储军, 李鸿主编 | |
| 330 | @a文学是文化的意义载体,从文学的文学文本可以反观某种文化意义。文化意义深入到文本的深层,成为一种“底色”。不同民族、不同时代、不同流派、不同风格的作家受不同文化的影响,其作品负载着不同的文化。 | |
| 606 | 0 | @a汉语@Ahan yu@x高等学校 : 技术学校@j教材 |
| 690 | @aH1@v4 | |
| 701 | 0 | @a张立山@Azhang li shan@4主编 |
| 701 | 0 | @a晁储军@Achao chu jun@4主编 |
| 701 | 0 | @a李鸿@Ali hong@4主编 |
| 801 | 0 | @aCN@bQSSK@c20100419 |
| 905 | @b777747-49@dH1@eZ136@f3 | |
| 实用语文.-济南:山东人民出版社,2009.08 |
| 371页:图;26cm |
| ISBN 978-7-209-04969-6:CNY36.00 |
| 文学是文化的意义载体,从文学的文学文本可以反观某种文化意义。文化意义深入到文本的深层,成为一种“底色”。不同民族、不同时代、不同流派、不同风格的作家受不同文化的影响,其作品负载着不同的文化。 |
| ● |
| 相关链接 |
|
|
|
正题名:实用语文
索取号:H1/Z136
 
预约/预借
| 序号 | 登录号 | 条形码 | 馆藏地/架位号 | 状态 | 备注 |
| 1 | 777747 | 207777477 | 语言库209/209语言库 69排4列5层/ [索取号:H1/Z136] | 在馆 | |
| 2 | 777748 | 207777486 | 语言库209/209语言库 69排4列5层/ [索取号:H1/Z136] | 在馆 | |
| 3 | 777749 | 207777495 | 语言库209/209语言库 69排4列5层/ [索取号:H1/Z136] | 在馆 |